| 000 | 01025nam a2200289 a 4500 | ||
|---|---|---|---|
| 001 | BRL_1137 | ||
| 005 | 20190320211042.0 | ||
| 008 | 151113s1981----mx-a######---#000-0#spa-# | ||
| 020 | _a9681607376 | ||
| 041 | _aspa | ||
| 044 | _amx | ||
| 050 | 4 |
_aGN400 _b.H47 1981 |
|
| 100 | 1 |
_aHerskovits, Melville J. _d1895-1963 _q(Melville Jean) _925893 |
|
| 245 | 1 | 0 |
_aEl hombre y sus obras _bLa ciencia de la antropología cultural _cMelville J. Herskovits ; traduccción de M. Hernández Barroso. |
| 260 |
_aMéxico _bFondo de Cultura Económica _c1981 |
||
| 300 |
_a782 p. _bil. _c22 cm. |
||
| 440 | 0 |
_aSección de obras de antropología _925894 |
|
| 500 | _aAu1315 | ||
| 500 | _aTraducción de: Man and is works. The science of cultural anthropology. | ||
| 500 | _aIncluye índice analítico, de figuras y de láminas | ||
| 504 | _aBibliografía: p. 715-734 | ||
| 650 | 1 | 4 |
_aAntropología _924230 |
| 650 | 1 | 4 |
_aSociedades Primitivas _925895 |
| 700 | 1 |
_aHernández Barroso, M. _etr. _925896 |
|
| 902 | _aGRL | ||
| 942 |
_2lcc _cB |
||
| 999 |
_c9949 _d9949 |
||